Návrh využitia kompetenčného modelu výrobného zamestnanca logistiky v PCA Slovakia, s.r.o.
Saved in:
| Main Author: | |
|---|---|
| Other Authors: | |
| Format: | Manuscript Book |
| Language: | Slovak |
| Published: |
2015
|
| Subjects: | |
| Online Access: | http://is.stuba.sk/zp/portal_zp.pl?podrobnosti=112985 |
| Tags: |
No Tags, Be the first to tag this record!
|
MARC
| LEADER | 00000ntm a22000003a 4500 | ||
|---|---|---|---|
| 001 | stuzp49850 | ||
| 003 | SK-STU | ||
| 005 | 20160719153412.9 | ||
| 007 | ta | ||
| 008 | 150427s2015----xo-----f-mn---000-0-slo-d | ||
| 040 | |a STU |b slo | ||
| 041 | 0 | |a slo | |
| 100 | 1 | |a Vagovičová, Martina, |d 1991- |u 064000 |4 aut |U MTF Materiálovotechnologická fakulta |T MTF Ústav priemyselného inžinierstva a manažmentu |X 6692 |U M4000 |Y 84 |7 A000006692 | |
| 242 | 0 | 1 | |a Proposal of using competency model production employee of logistics in the PCA Slovakia, s. r. o. |y eng |
| 245 | 1 | 0 | |a Návrh využitia kompetenčného modelu výrobného zamestnanca logistiky v PCA Slovakia, s.r.o. |
| 260 | |c 2015 | ||
| 650 | 4 | |a odmeňovanie |2 slo | |
| 650 | 4 | |a kompetencie |2 slo | |
| 650 | 4 | |a kompetenčný model |2 slo | |
| 650 | 4 | |a nástroje kompetenčného modelu |2 slo | |
| 650 | 4 | |a hodnotenie |2 slo | |
| 650 | 4 | |a remuneration |2 eng | |
| 650 | 4 | |a instrument competency model |2 eng | |
| 650 | 4 | |a competence |2 eng | |
| 650 | 4 | |a evaluation |2 eng | |
| 650 | 4 | |a competency model |2 eng | |
| 700 | 1 | |a Vaňová, Jaromíra, |d 1958- |4 ths |X 2877 |7 A000002877 | |
| 856 | 4 | |u http://is.stuba.sk/zp/portal_zp.pl?podrobnosti=112985 | |
| 996 | |c M* DP-12238 |l MMSKP |s P |a 0 |w stuzp49850_0001 | ||
| SQL | |a stuzp49850 |b DDP |c SLO |d Návrh využitia kompetenčného modelu výrobného zamestnanca logistiky v PCA Slovakia, s.r.o. |e 6692 |f Vagovičová, Martina |g 064000 |h 2877 |i Vaňová, Jaromíra |j 20150601 |k 189 |l 06 |m http://is.stuba.sk/zp/portal_zp.pl?podrobnosti=112985 |n I-PMA |o 5.2.52. priemyselné inžinierstvo | ||